Giggle, giggle, quack / (Record no. 1900)

MARC details
000 -LEADER
fixed length control field 01423cam a2200349 a 4500
001 - CONTROL NUMBER
control field 1900
003 - CONTROL NUMBER IDENTIFIER
control field FISKH
005 - DATE AND TIME OF LATEST TRANSACTION
control field 20250814144822.0
008 - FIXED-LENGTH DATA ELEMENTS--GENERAL INFORMATION
fixed length control field 010420s2002 nyua b 000 1 eng
010 ## - LIBRARY OF CONGRESS CONTROL NUMBER
LC control number 2001032201
020 ## - INTERNATIONAL STANDARD BOOK NUMBER
International Standard Book Number 9780439521536
040 ## - CATALOGING SOURCE
Original cataloging agency DLC
Transcribing agency DLC
Modifying agency DLC
Language of cataloging eng
042 ## - AUTHENTICATION CODE
Authentication code lcac
050 00 - LIBRARY OF CONGRESS CALL NUMBER
Classification number PZ7.C88135
Item number Gi 2002
082 00 - DEWEY DECIMAL CLASSIFICATION NUMBER
Classification number 813.6
Edition number 21
100 1# - MAIN ENTRY--PERSONAL NAME
Personal name Cronin, Doreen.
245 10 - TITLE STATEMENT
Title Giggle, giggle, quack /
Statement of responsibility, etc. by Doreen Cronin ; pictures by Betsy Lewin.
260 ## - PUBLICATION, DISTRIBUTION, ETC.
Place of publication, distribution, etc. New York :
Name of publisher, distributor, etc. Scholastic,
Date of publication, distribution, etc. 2002.
300 ## - PHYSICAL DESCRIPTION
Extent 32 unnumbered pages :
Other physical details color illustrations ;
Dimensions 26 cm.
505 ## - FORMATTED CONTENTS NOTE
Formatted contents note J<br/>
520 ## - SUMMARY, ETC.
Summary, etc. When Farmer Brown goes on vacation, leaving his brother Bob in charge, Duck makes trouble by changing all his instructions to notes the animals like much better.
521 8# - TARGET AUDIENCE NOTE
Target audience note 480<br/>
Source Lexile AD<br/>
521 8# - TARGET AUDIENCE NOTE
Target audience note J<br/>
Source Raz-Plus<br/>
650 #1 - SUBJECT ADDED ENTRY--TOPICAL TERM
Topical term or geographic name entry element Ducks
Form subdivision Fiction.
650 #1 - SUBJECT ADDED ENTRY--TOPICAL TERM
Topical term or geographic name entry element Domestic animals
Form subdivision Fiction.
700 1# - ADDED ENTRY--PERSONAL NAME
Personal name Lewin, Betsy,
Relator term illustrator
856 42 - ELECTRONIC LOCATION AND ACCESS
Materials specified Contributor biographical information
Uniform Resource Identifier <a href="http://www.loc.gov/catdir/bios/simon052/2001032201.html">http://www.loc.gov/catdir/bios/simon052/2001032201.html</a>
856 42 - ELECTRONIC LOCATION AND ACCESS
Materials specified Publisher description
Uniform Resource Identifier <a href="http://www.loc.gov/catdir/description/simon041/2001032201.html">http://www.loc.gov/catdir/description/simon041/2001032201.html</a>
906 ## - LOCAL DATA ELEMENT F, LDF (RLIN)
a 7
b cbc
c orignew
d 1
e ocip
f 20
g y-gencatlg
942 ## - ADDED ENTRY ELEMENTS (KOHA)
Source of classification or shelving scheme Dewey Decimal Classification
Koha item type Books
Suppress in OPAC No
Holdings
Withdrawn status Lost status Source of classification or shelving scheme Damaged status Not for loan Collection Home library Current library Shelving location Date acquired Total Checkouts Full call number Barcode Date last seen Date last checked out Price effective from Koha item type Copy number
    Dewey Decimal Classification     Juvenile Fiction Footprints International School Library Network Toul Kork Campus Footprints International School Library Network Toul Kork Campus TK Primary Library Room(4th Floor), Bookcase 1&2, Shelves 1-16, Dark Blue Books 10/09/2023 4 CRON 813.6 PZ7.C88135 FISTK03884 09/09/2024 08/12/2024 10/09/2023 Books  
    Dewey Decimal Classification     Juvenile Fiction Footprints International School Library Network Toul Tom Poung Campus Footprints International School Library Network Toul Tom Poung Campus TTP Primary Dark Blue Bookshelves 08/14/2025 1 CRON 813.6 PZ7.C88135 FISBK05575 11/21/2025 11/14/2025 08/14/2025 Books 2